Can you pick the characters from the Smallville Pilot? Quiz Stats

 Plays Quiz not verified by Sporcle

Support Sporcle.
Go Orange.
Score 0/10 Timer 00:30
0 Plays Today
% Correct
Clark Kent
91.5%
Martha Kent
91.5%
Whitney Fordman
87.6%
Jonathan Kent
87.6%
Pete Ross
84.3%
Lionel Luthor
80.4%
Lana Lang
78.4%
Chloe Sullivan
76.5%
Jeremy Creek
63.4%
Nell Potter
56.9%

You're not logged in!

Compare scores with friends on all Sporcle quizzes.
OR
Log In

From the Vault

Most Popular TV Shows of the 1990s

by dp1990

Back in the '90s, network television still dominated the game.
Remove Ads.
Support Sporcle.
Get the best of Sporcle when you Go Orange. This ad-free experience offers more features, more stats, and more fun while also helping to support Sporcle. Thank you for becoming a member.

Show Comments

Extras

Created Jun 12, 2020ReportNominate
Tags:TV Show Quiz, Smallville

Top Quizzes Today


Score Distribution

Your Account Isn't Verified!

In order to create a playlist on Sporcle, you need to verify the email address you used during registration. Go to your Sporcle Settings to finish the process.

Report this User

Report this user for behavior that violates our Community Guidelines.

Details: